History of the Italian republics in the middle ages

This book may have occasional imperfections such as missing or blurred pages, poor pictures, errant marks, etc. that were either part of the original artifact, or were introduced by the scanning process.

保存先:
書誌詳細
第一著者: Simonde , J. C. L.
フォーマット: 図書
言語:Undetermined
出版事項: London George Routledge 1907
タグ: タグ追加
タグなし, このレコードへの初めてのタグを付けませんか!
Thư viện lưu trữ: Trung tâm Học liệu Trường Đại học Cần Thơ
LEADER 00682nam a2200181Ia 4500
001 CTU_218412
008 210402s9999 xx 000 0 und d
082 |a 945 
082 |b S597 
100 |a Simonde , J. C. L. 
245 0 |a History of the Italian republics in the middle ages 
245 0 |c J. C. L. Simonde 
260 |a London 
260 |b George Routledge 
260 |c 1907 
520 |a This book may have occasional imperfections such as missing or blurred pages, poor pictures, errant marks, etc. that were either part of the original artifact, or were introduced by the scanning process. 
904 |i Trúc 
980 |a Trung tâm Học liệu Trường Đại học Cần Thơ